[Event "39th Trusts Chess Open A"]
[Site "Henderson, Auckland NZL"]
[Date "2016.06.05" ]
[Round "4"]
[White "Hague, Ben"]
[Black "Kulashko, Alexei"]
[Result "1-0"]
[WhiteElo "2428"]
[BlackElo "2429"]
[PlyCount "0"]
[EventDate "2016.06.04"]
[SourceDate ""]

1. e4 d5 2. exd5 Qxd5 3. Nf3 Bg4 4. Be2 Nc6 5. d4 O-O-O 6. Be3 e5 7. c4 Qa5+ 8.
Bd2 Bb4 9. d5 Bxf3 10. Bxf3 Nd4 11. Nc3 Qa6 12. b3 Qa5 13. Rc1 Nf6 14. O-O Kb8
15. Re1 Rhe8 16. Be4 h6 17. Bb1 g5 18. Re3 c6 19. Rh3 cxd5 20. Rxh6 Ng8 21. Rh7
dxc4 22. Rxf7 Bxc3 23. Bxc3 Qd5 24. Rg7 cxb3 25. axb3 Nxb3 26. Qxd5 Rxd5 27.
Re1 Rc5 28. Bb2 Nd2 29. Bg6 Rec8 30. Bf5 Re8 31. Bd7 Rd8 32. Bxe5+ Ka8 33. Bd6
Rd5 34. Bc7 Nf6 35. Bxd8 Nxd7 36. Bxg5 a5 37. Re8+ Ka7 38. Rd8 Rb5 39. h4 Rb1+
40. Kh2 Nf1+ 41. Kh3 Nc5 42. Rd5 Kb6 43. Rg6+ Kb5 44. Be7 b6 45. Bxc5 bxc5 46.
Rgg5 Rc1 47. h5 a4 48. h6 Nd2 49. Rxd2 Rh1+ 50. Kg3 Rxh6 51. Rb2+ Kc4 52. Rc2+
Kb3 53. Rgxc5 a3 54. f4 a2 55. Rxa2 1-0

[Event "39th Trusts Chess Open A"]
[Site "Henderson, Auckland NZL"]
[Date "2016.06.05" ]
[Round "4"]
[White "Smith, Robert W"]
[Black "McLaren, Leonard J"]
[Result "0-1"]
[WhiteElo "2337"]
[BlackElo "2330"]
[PlyCount "0"]
[EventDate "2016.06.04"]
[SourceDate ""]

1. c4 e5 2. Nc3 Bb4 3. g3 Ne7 4. Bg2 O-O 5. Nf3 d6 6. O-O Bxc3 7. bxc3 c5 8.
Ne1 Nbc6 9. Nc2 f5 10. Ne3 Kh8 11. d3 f4 12. Nd5 Nxd5 13. cxd5 Ne7 14. e3 Ng6
15. exf4 exf4 16. Re1 Qf6 17. Qd2 Bf5 18. Bb2 c4 19. d4 Rf7 20. Re2 Bg4 21. f3
Bd7 22. Ba3 Ne7 23. Qxf4 Qxf4 24. gxf4 Nxd5 25. Bxd6 Nxc3 26. Rc2 Nd5 27. Rxc4
Re8 28. Be5 Bc6 29. Re1 Kg8 30. Rcc1 Nxf4 31. Bxf4 Rxe1+ 32. Rxe1 Rxf4 33. Rd1
Bd5 34. a3 g5 35. Rd3 Kf7 36. Kf2 Ke7 37. h3 Kd6 38. Ke3 h5 39. Rc3 Rf8 40. Rc5
Re8+ 41. Kf2 b6 42. Rc3 Rf8 43. Kg3 a5 44. h4 Rg8 45. hxg5 Rxg5+ 46. Kf2 h4 47.
Rc8 Rg8 48. Rxg8 Bxg8 49. f4 b5 50. Ke3 b4 51. axb4 axb4 52. f5 Bd5 53. Bh3 Ke7
54. Bf1 Kf6 55. Kf4 b3 56. Kg4 $2 {(56.Bd3=)} h3 57. Kxh3 Kxf5 58. Bd3+ Kf4 59.
Bb5 b2 0-1

[Event "39th Trusts Chess Open A"]
[Site "Henderson, Auckland NZL"]
[Date "2016.06.05" ]
[Round "4"]
[White "Dive, Russell J"]
[Black "Gong, Daniel Hanwen"]
[Result "1-0"]
[WhiteElo "2452"]
[BlackElo "2218"]
[PlyCount "0"]
[EventDate "2016.06.04"]
[SourceDate ""]

1. Nf3 Nf6 2. g3 g6 3. Bg2 Bg7 4. O-O O-O 5. c4 d6 6. Nc3 Nbd7 7. Rb1 a5 8. a3
e5 9. d3 h6 10. b4 axb4 11. axb4 Nh5 12. Qb3 Kh7 13. Bb2 f5 14. Ra1 Rb8 15. Ra7
Ndf6 16. Nd2 f4 17. c5 fxg3 18. hxg3 c6 19. Nce4 d5 20. Nd6 Ne8 21. Nxc8 Qxc8
22. Nf3 Qe6 23. e4 Nc7 24. exd5 Nxd5 25. Re1 Rf5 26. Nd4 Qf6 27. Nxf5 Qxf5 28.
Bxd5 cxd5 29. Qxd5 Rf8 30. Qg2 Qg5 31. Bc1 Qd8 32. Rxb7 Qxd3 33. Qe4 Qb3 34.
Qe3 Qd5 35. Ra7 Kh8 36. Qe4 Qe6 37. Ra8 Rxa8 38. Qxa8+ Kh7 39. Qe4 Qb3 40. Kg2
Qc3 41. Rh1 Nf6 42. Qf3 Qxb4 43. Bxh6 Nh5 44. Bxg7 Kxg7 45. Qd5 Qb2 46. Re1 1-0

[Event "39th Trusts Chess Open A"]
[Site "Henderson, Auckland NZL"]
[Date "2016.06.05" ]
[Round "4"]
[White "Noble, Mark F"]
[Black "Vincenti, David"]
[Result "1-0"]
[WhiteElo "2307"]
[BlackElo "2180"]
[PlyCount "0"]
[EventDate "2016.06.04"]
[SourceDate ""]

1. e4 d5 2. d4 dxe4 3. Nc3 Nf6 4. f3 Nbd7 5. fxe4 e5 6. dxe5 Nxe5 7. Qxd8+ Kxd8
8. Nf3 Nxf3+ 9. gxf3 Bb4 10. Bg5 h6 11. O-O-O+ Ke8 12. Bxf6 gxf6 13. Nd5 Bd6
14. Nxf6+ Kf8 15. e5 Be7 16. Bc4 Bf5 17. Rhg1 c6 18. Rg2 Rd8 19. Rgd2 Rxd2 20.
Rxd2 Kg7 21. Nh5+ Kg6 22. Nf4+ Kg7 23. Rg2+ Kf8 24. Ne2 Rg8 25. Rxg8+ Kxg8 26.
Kd2 Kf8 27. c3 Bc5 28. Nd4 Bh3 29. f4 Ke7 30. Ke3 f6 31. Kf3 fxe5 32. fxe5 h5
33. Kg3 Bg4 34. h3 Bd1 35. Bb3 1-0

[Event "39th Trusts Chess Open A"]
[Site "Henderson, Auckland NZL"]
[Date "2016.06.05" ]
[Round "4"]
[White "Li, William Xiang Wei"]
[Black "Thornton, Giovanni A"]
[Result "1/2-1/2"]
[WhiteElo "2149"]
[BlackElo "2235"]
[PlyCount "0"]
[EventDate "2016.06.04"]
[SourceDate ""]

1. e4 e6 2. d4 d5 3. exd5 exd5 4. c4 Nf6 5. Nc3 Bb4 6. Nf3 O-O 7. Bd3 Bg4 8.
O-O h6 9. a3 dxc4 10. Bxc4 Bd6 11. Nb5 Nc6 12. h3 Bh5 13. Nxd6 Qxd6 14. Be3
Rad8 15. b4 Ne7 16. g4 Bg6 17. Ne5 Nfd5 18. Qf3 c6 19. Rad1 Nc3 20. Rc1 Ncd5
21. Rcd1 Nc3 22. Rc1 Ncd5 23. Rfe1 Bh7 24. Bd3 Bxd3 25. Nxd3 Ng6 26. Ne5 Nxe3
27. Qxe3 Qxd4 28. Nxg6 Qxe3 29. Ne7+ Qxe7 30. Rxe7 Rd3 31. Rxb7 Rxa3 32. Rxc6
Rb3 33. Kg2 a5 34. b5 a4 35. Ra6 a3 36. b6 Rc8 37. Rc7 Rb8 38. b7 R8xb7 39.
Rxb7 Rxb7 40. Rxa3 1/2-1/2

[Event "39th Trusts Chess Open A"]
[Site "Henderson, Auckland NZL"]
[Date "2016.06.05" ]
[Round "4"]
[White "Duneas, John"]
[Black "Ha, Huy Minh"]
[Result "1-0"]
[WhiteElo "2220"]
[BlackElo "1850"]
[PlyCount "0"]
[EventDate "2016.06.04"]
[SourceDate ""]

1. d4 d5 2. Nf3 e6 3. c4 c6 4. g3 Nf6 5. Bg2 Be7 6. Nc3 O-O 7. O-O Nbd7 8. b3
b6 9. Qc2 Bb7 10. Rd1 Rc8 11. a4 dxc4 12. bxc4 Ba6 13. Qb3 Qc7 14. Bf4 Bd6 15.
Bxd6 Qxd6 16. e4 Qc7 17. Rac1 Rfd8 18. h3 h6 19. Kh2 Bb7 20. Nd2 Nf8 21. Nf1
Ng6 22. Ne3 Qb8 23. Qa3 Rd7 24. a5 Rcd8 25. axb6 axb6 26. Nc2 Qa8 27. Qb3 b5
28. cxb5 cxb5 29. Ra1 Qc8 30. Rd3 Qc4 31. Qxc4 bxc4 32. Rdd1 Ne7 33. Rdb1 Rc8
34. Ne3 Bxe4 35. Nxe4 Nxe4 36. Bxe4 Rxd4 37. Bf3 Rd2 38. Kg2 c3 39. Rc1 Nd5 40.
Nxd5 exd5 41. Rd1 Rxd1 42. Rxd1 Rd8 43. Be2 d4 44. Bd3 g6 45. Kf3 Kg7 46. Ke4
f6 47. Rb1 Rd7 48. Rb4 f5+ 49. Kf3 Kf6 50. Rc4 h5 51. Ke2 Ke5 52. Rc6 Rd6 53.
Rxd6 Kxd6 54. Bc2 Ke5 55. f4+ Kd5 56. Kd3 1-0

[Event "39th Trusts Chess Open A"]
[Site "Henderson, Auckland NZL"]
[Date "2016.06.05" ]
[Round "4"]
[White "James, Jack"]
[Black "McNabb, Matthew D"]
[Result "1-0"]
[WhiteElo "2097"]
[BlackElo "2187"]
[PlyCount "0"]
[EventDate "2016.06.04"]
[SourceDate ""]

1. d4 d5 2. Nf3 Nf6 3. Bf4 c5 4. e3 Nc6 5. c3 Qb6 6. Qc2 g6 7. Bd3 c4 8. Be2
Bf5 9. Qc1 Bg7 10. Nbd2 Rc8 11. h3 O-O 12. O-O Rfe8 13. Re1 h6 14. Bd1 Ne4 15.
Nxe4 Bxe4 16. Nd2 Bd3 17. e4 dxe4 18. Nxe4 Nxd4 19. Bxh6 Bxh6 20. Qxh6 Nf5 21.
Qc1 Red8 22. b4 Bxe4 23. Rxe4 Rd3 24. Be2 Ng3 25. Rxe7 Qf6 26. Bxd3 cxd3 27.
Qe3 Qxc3 28. Rd1 Ne2+ 29. Kh2 Rd8 30. Re8+ Rxe8 31. Qxe8+ Kg7 32. Qe3 Qxb4 33.
g3 Nd4 34. Rxd3 Nf5 35. Qe5+ Kh7 36. Rd8 Ng7 37. Rd7 Qc4 38. Qf6 1-0

[Event "39th Trusts Chess Open A"]
[Site "Henderson, Auckland NZL"]
[Date "2016.06.05" ]
[Round "4"]
[White "Bennett, Hilton P"]
[Black "Sarmiento, Noel"]
[Result "1-0"]
[WhiteElo "2052"]
[BlackElo "1922"]
[PlyCount "0"]
[EventDate "2016.06.04"]
[SourceDate ""]

1. e4 g6 2. Nc3 Bg7 3. f4 d6 4. Nf3 Nf6 5. Bc4 Bg4 6. h3 Bxf3 7. Qxf3 Nbd7 8.
d3 c6 9. O-O O-O 10. Be3 e6 11. Bb3 Qc7 12. Rae1 b5 13. a4 b4 14. Ne2 Rfe8 15.
Ng3 Rf8 16. Qf2 d5 17. e5 Ne8 18. d4 Bh6 19. Ne2 Rc8 20. g4 c5 21. c3 bxc3 22.
bxc3 cxd4 23. cxd4 Nb6 24. Qh4 Bg7 25. f5 Nc4 26. Bc1 Qb6 27. Bxc4 dxc4 28. f6
Qd8 29. Qf2 Bh8 30. Ba3 Nc7 31. Bxf8 Kxf8 32. Rc1 Nd5 33. Qf3 Kg8 34. g5 c3 35.
Rc2 h5 36. Kh2 Qa5 37. Rfc1 Qxa4 38. Qe4 Qa5 39. Nf4 Nxf4 40. Qxf4 Rc4 41. Qe3
Qa4 42. Rxc3 Rxd4 43. Rc8+ Kh7 44. R8c7 Rd7 45. Rxd7 Qxd7 46. Ra1 Qc6 47. Rxa7
Qc2+ 48. Kg3 Kg8 49. Qf3 Bg7 50. fxg7 h4+ 51. Kxh4 Qf5 52. Qxf5 gxf5 53. g6 1-0

[Event "39th Trusts Chess Open A"]
[Site "Henderson, Auckland NZL"]
[Date "2016.06.05" ]
[Round "4"]
[White "Lim, Benjamin U"]
[Black "Garbett, Paul A"]
[Result "0-1"]
[WhiteElo "2037"]
[BlackElo "2346"]
[PlyCount "0"]
[EventDate "2016.06.04"]
[SourceDate ""]

1. e4 c5 2. d3 Nc6 3. g3 g6 4. Nf3 Bg7 5. Bg2 e5 6. O-O Nge7 7. Be3 d6 8. c3
O-O 9. d4 exd4 10. cxd4 Bg4 11. dxc5 dxc5 12. Qc1 Bxf3 13. Bxf3 Nd4 14. Bd1 Rc8
15. Nc3 b5 16. Bg4 f5 17. exf5 gxf5 18. Bh5 b4 19. Ne2 Nd5 20. Bg5 Qd7 21. Qc4
Kh8 22. Nxd4 cxd4 23. Qd3 Nc7 24. Rac1 Ne6 25. Rxc8 Rxc8 26. Bd2 Nc5 27. Qb1
Ne4 28. Qd3 Nc5 29. Qc4 Ne4 30. Qd3 Qa4 31. b3 Qxa2 32. Bxb4 Qc2 33. Be2 Qc6
34. Qf3 Nc3 35. Qd3 Qe4 36. Bxc3 dxc3 37. Qa6 Rd8 38. Qa5 Bf6 39. Qa6 Kg7 40.
Qxa7+ Kg6 41. Bh5+ Kh6 42. Qf7 Qe7 43. Qxe7 Bxe7 44. Be2 Rd2 45. Bd1 Ba3 46.
Bf3 c2 0-1

[Event "39th Trusts Chess Open A"]
[Site "Henderson, Auckland NZL"]
[Date "2016.06.05" ]
[Round "4"]
[White "Runcan, Daniel I"]
[Black "Timergazi, Layla"]
[Result "1/2-1/2"]
[WhiteElo "2004"]
[BlackElo "2152"]
[PlyCount "0"]
[EventDate "2016.06.04"]
[SourceDate ""]

1. e4 c6 2. d4 d5 3. Nd2 dxe4 4. Nxe4 Bf5 5. Ng3 Bg6 6. h4 h6 7. Nf3 Nd7 8. h5
Bh7 9. Bd3 Bxd3 10. Qxd3 e6 11. Bf4 Qa5+ 12. c3 Ngf6 13. a4 c5 14. dxc5 Nxc5
15. Qc2 Nd5 16. Be5 Qa6 17. Qe2 Nd3+ 18. Kf1 f6 19. Bd4 N5f4 20. Qe3 Nb4+ 21.
Kg1 Nc2 22. Qxf4 Nxa1 23. Bxf6 gxf6 24. Qxf6 Rg8 25. Ne5 Rg7 26. Kh2 Qxa4 27.
Ng6 Rf7 28. Qxe6+ Be7 29. Nf5 Qa6 30. Qe5 Qf6 31. Qb5+ Qc6 32. Qe5 Qf6 33. Qb5+
Qc6 1/2-1/2

[Event "39th Trusts Chess Open A"]
[Site "Henderson, Auckland NZL"]
[Date "2016.06.05" ]
[Round "4"]
[White "Goodhue, Nathan"]
[Black "Zhang, Jasmine Haomo"]
[Result "1/2-1/2"]
[WhiteElo "2074"]
[BlackElo "1859"]
[PlyCount "0"]
[EventDate "2016.06.04"]
[SourceDate ""]

1. c4 e6 2. g3 d5 3. Bg2 c6 4. b3 Nf6 5. Bb2 Be7 6. Nf3 Nbd7 7. O-O O-O 8. d3
Qc7 9. Nbd2 Rd8 10. Rc1 Qa5 11. Bc3 Bb4 12. Bxb4 Qxb4 13. Qc2 Qd6 14. c5 Qc7
15. d4 e5 16. dxe5 Nxe5 17. Nd4 Re8 18. Rfe1 Bd7 19. h3 Be6 20. e3 Ng6 21. Nf5
Bxf5 22. Qxf5 Qd7 23. Qxd7 Nxd7 24. e4 dxe4 25. Rxe4 Re5 26. Rxe5 Ngxe5 27. Rc3
Nf6 28. f4 Ned7 29. Ne4 Nxe4 30. Bxe4 g6 31. Kf2 Nf6 32. Rc4 Rd8 33. Ke2 Kg7
34. Bf3 Rd7 35. g4 Re7+ 36. Kf2 h6 37. Rd4 Rd7 38. Rxd7 Nxd7 39. b4 Kf6 40. h4
Nf8 41. Ke3 Ne6 42. Be4 Nc7 43. g5+ hxg5 44. fxg5+ Ke5 45. a3 Nb5 46. a4 Nc3
47. Bf3 Nd5+ 48. Bxd5 Kxd5 49. Kd3 {Draw agreed? But 49...a5 wins for black.}
1/2-1/2

[Event "39th Trusts Chess Open A"]
[Site "Henderson, Auckland NZL"]
[Date "2016.06.05" ]
[Round "4"]
[White "Marko, Helmut S"]
[Black "Macdonald, Paul"]
[Result "1/2-1/2"]
[WhiteElo "1993"]
[BlackElo "2040"]
[PlyCount "0"]
[EventDate "2016.06.04"]
[SourceDate ""]

1. Nf3 d6 2. b3 e5 3. d3 f5 4. g3 Nf6 5. Bg2 Be7 6. O-O O-O 7. Nbd2 c6 8. e4
Na6 9. Qe2 Nc5 10. a4 fxe4 11. Nxe4 Nfxe4 12. dxe4 Bg4 13. Qe3 Qe8 14. Ne1 Qh5
15. f3 Bd7 16. Nd3 Ne6 17. c3 Bf6 18. Bd2 d5 19. f4 exf4 20. Nxf4 Nxf4 21. Rxf4
Rfe8 22. Qd3 Rad8 23. Re1 Bh3 24. Bxh3 Qxh3 25. exd5 Rxe1+ 26. Bxe1 Rxd5 27.
Qe2 Qd7 28. Rf3 Re5 29. Re3 Qd5 30. Rxe5 Bxe5 31. c4 Qd4+ 32. Bf2 Qa1+ 33. Kg2
a6 {(34.Qg4)} 1/2-1/2

[Event "39th Trusts Chess Open A"]
[Site "Henderson, Auckland NZL"]
[Date "2016.06.05" ]
[Round "4"]
[White "Wright, Caleb"]
[Black "Lyall, Simon"]
[Result "1/2-1/2"]
[WhiteElo "1982"]
[BlackElo "1988"]
[PlyCount "0"]
[EventDate "2016.06.04"]
[SourceDate ""]

1. d4 d5 2. c4 c6 3. g3 Nf6 4. Bg2 dxc4 5. Nc3 Bf5 6. a4 a5 7. e4 Bg4 8. f3 Bc8
9. Be3 e6 10. Qe2 Bb4 11. Qxc4 O-O 12. Nge2 Nbd7 13. O-O Qb6 14. Bf2 c5 15. e5
Ne8 16. f4 Qa6 17. Qxa6 Rxa6 18. d5 Nc7 19. d6 Ne8 20. Ne4 f6 21. Bh3 Kf7 22.
Rac1 b6 23. Be3 g6 24. exf6 Ndxf6 25. Ng5+ Kg7 26. Bxe6 Nxd6 27. Rcd1 Nf5 28.
Bf2 Re8 29. Bxc8 Rxc8 30. Nc3 Bxc3 {(=)} 31. bxc3 Ra7 32. Rfe1 Re8 33. Rxe8
Nxe8 34. g4 Nfd6 35. Nf3 Ne4 36. Be1 N8d6 37. Ne5 Re7 38. Kg2 g5 39. Kf3 gxf4
40. Kxf4 Re6 41. h4 Nf6 42. g5 Ng8 43. c4 Ne7 44. Bc3 Ng6+ 45. Nxg6+ Kxg6 46.
h5+ Kxh5 47. Rh1+ Kg6 48. Rh6+ Kf7 49. Rxh7+ Kg8 50. Rh8+ Kf7 51. Rh7+ 1/2-1/2